| Tag |
First Indicator |
Second Indicator |
Subfields |
| LEADER |
00000cam a2200000 i 4500 |
| 001 |
in00000012931 |
| 005 |
20151007052304.0 |
| 008 |
790925s1979 txu b 00010 eng d |
| 035 |
|
|
|a (OCoLC)05424700
|
| 035 |
|
|
|9 AAA7129AM
|
| 040 |
|
|
|a IXA
|c IXA
|d m.c.
|d TXA
|d UtOrBLW
|
| 049 |
|
|
|a TXAM
|c [A12584326]
|
| 050 |
|
4 |
|a HD5724
|b .M93 1979
|
| 100 |
1 |
|
|a Myers, Brooks Eastman.
|
| 245 |
1 |
4 |
|a The Employment Service and the Comprehensive employment and training act :
|b alternatives for coordination /
|c by Brooks Eastman Myers.
|
| 264 |
|
1 |
|a [Place of publication not identified] :
|b [publisher not identified] ;
|c 1979.
|
| 300 |
|
|
|a 94 leaves ;
|c 28 cm.
|
| 336 |
|
|
|a text
|b txt
|2 rdacontent
|
| 337 |
|
|
|a unmediated
|b n
|2 rdamedia
|
| 338 |
|
|
|a volume
|b nc
|2 rdacarrier
|
| 502 |
|
|
|b M. Public Affairs
|c University of Texas at Austin.
|
| 500 |
|
|
|a Vita.
|
| 504 |
|
|
|a Bibliography: leaves 90-93.
|
| 650 |
|
0 |
|a Manpower policy
|z United States.
|
| 610 |
2 |
0 |
|a United States Employment Service.
|
| 610 |
1 |
0 |
|a United States.
|t Comprehensive Employment and Training Act.
|
| 999 |
|
|
|a MARS
|
| 999 |
f |
f |
|s 99af9b2f-17e0-3355-8bc0-f6837eecd8bf
|i d023ad2f-e0eb-35e6-b4d9-fe585058e8c1
|t 0
|
| 952 |
f |
f |
|p ric
|a Texas A&M University
|b Rellis Campus
|c Joint Library Facility
|d Remote Storage
|t 0
|e HD5724 .M93 1979
|h Library of Congress classification
|i unmediated -- volume
|m A14812584326
|
| 998 |
f |
f |
|a HD5724 .M93 1979
|t 0
|l Remote Storage
|